Reasons humbly offered to the Right Honourable the Lords Spiritual and Temporal in Parliament assembled, to make a small amendment to the words number and value, in the bill for relief of creditors, and thereby prevent many inconveniencies that may happen.

Bibliographic Details
Format: eBook
Language:English
Published: [London : publisher not identified, 1697]
Series:Early English books online.
Subjects:
Online Access:Connect to the full text of this electronic book

MARC

Tag First Indicator Second Indicator Subfields
LEADER 00000nam a2200000Ia 4500
001 in00004335613
005 20200812095625.0
006 m g d
007 cr bn |||a|bb|
008 160323s1697 enk o 000 0 eng d
040 |a UMI  |e dcrmb  |c UMI 
035 |a (OCoLC)945447541 
037 |a CL0037000141  |b ProQuest, 789 E. Eisenhower Parkway, Ann Arbor, MI 48108-3218 
050 4 |a KD2139 
049 |a UMIA 
245 0 0 |a Reasons humbly offered to the Right Honourable the Lords Spiritual and Temporal in Parliament assembled, to make a small amendment to the words number and value, in the bill for relief of creditors, and thereby prevent many inconveniencies that may happen. 
246 1 |i Docket title:  |a Reasons for a small amendment in the bill for relief of creditors 
260 |a [London :  |b publisher not identified,  |c 1697] 
300 |a 1 online resource (1 sheet ([1] pages) 
336 |a text  |b txt  |2 rdacontent 
337 |a computer  |b c  |2 rdamedia 
338 |a online resource  |b cr  |2 rdacarrier 
500 |a Caption title. 
500 |a Place and date of publication suggested by Wing (2nd edition, 1994). 
510 4 |a Wing, D.G. Short-title catalogue of books printed in England, Scotland, Ireland, Wales, and British America, and of English books printed in other countries, 1641-1700 (2nd edition 1994),  |c R561T 
510 4 |a English short title catalogue,  |c R182502 
500 |a Reproduction of original in: Royal Irish Academy. 
533 |a Electronic reproduction.  |b Ann Arbor, Mich. :  |c UMI,  |d 1999-  |f (Early English books online)  |n Digital version of: (Early English books, 1641-1700 ; 3080:13)  |7 s1999 miun s 
650 0 |a Debtor and creditor  |z England  |v Early works to 1800. 
752 |a Great Britain  |b England  |d London. 
830 0 |a Early English books online. 
856 4 0 |u http://proxy.library.tamu.edu/login?url=https://search.proquest.com/docview/2240906403  |z Connect to the full text of this electronic book  |t 0 
994 |a C0  |b UMI 
999 f f |s 5ece63d7-36f2-31a3-b1d4-3bcc1310d4a6  |i bac075db-9b65-333f-80e1-713a7d178cb6  |t 0 
952 f f |a Texas A&M University  |b College Station  |c Electronic Resources  |d Available Online  |t 0  |e KD2139  |h Library of Congress classification 
998 f f |a KD2139  |t 0  |l Available Online